000 01118nam a2200313 i 4500
001 192056
003 ES-MaACL
005 20240126063029.0
008 221102s1997 sp 001 1 spa
017 _aM 4790-1997
_bOficina Depósito Legal Madrid
020 _a8471668157
040 _cES-MaACL
080 _a930.85(45)"14/15"
100 1 _aBurckhardt, Jacob,
_d1818-1897
_eaut
_932584
245 1 3 _aLa cultura del Renacimiento en Italia /
_cJacob Burckhardt ; [traducción directa por Ramón de la Serna y Espina].
260 _aMadrid :
_bEdaf,
_c[1997]
300 _a456 páginas ;
_c18 cm.
490 1 _aBiblioteca Edaf ;
_v146
500 _aÍndices
504 _aReferencias bibliográficas
650 4 _aRenacimiento-
_zItalia.
_916844
700 1 _aSerna y Espina, Ramón de la.
_9105587
_etrl
830 1 _aBiblioteca Edaf ;
_v146
_9179778
852 4 _aES-MaACL
_jN-8099
_bR. 152307
_cDEPOJ
_hDonación: José Lázaro García
_9199338
903 _9234219
_aLázaro García, José
_ednr
942 _cMONOGRAFIA
_n0
999 _c192056
_d192056